000 00300nam a2200109Ia 4500
008 200302s9999 xx 000 0 und d
100 _aSean Lally
245 _aThe Air From Other Planets - A Brief History Of Architecture To Come
260 _bLars Muller Publishers
260 _c2014
300 _a247 P
999 _c4393
_d4393